[Event "29. Torneo Collado Villalba 2012 - B"]
[Site "Collado Villalba ESP"]
[Date "2012.08.25"]
[Round "2.5"]
[White "Cano Mercado, Francisco Manuel"]
[Black "Diaz Begonte, Manuel"]
[Result "1/2-1/2"]
[WhiteElo "1887"]
[BlackElo "1776"]
[PlyCount "103"]
[EventDate "2012.08.24"]
[EventType "swiss"]
[EventRounds "9"]
[EventCountry "ESP"]
[Source "lmi"]
[SourceDate "2012.08.24"]

1. e4 c6 2. d4 d5 3. exd5 cxd5 4. c4 e6 5. Nc3 Nf6 6. Bg5 Be7 7. Nf3 Nc6 8. Be2
a6 9. O-O b6 10. Rc1 Bb7 11. cxd5 Nxd5 12. Nxd5 Qxd5 13. Bc4 Qd6 14. Bxe7 Nxe7
15. Qe2 O-O 16. Rfd1 Ng6 17. Qe3 Qf4 18. Be2 Rac8 19. g3 Qd6 20. h4 h6 21. Nh2
Rfd8 22. Bf3 Rxc1 23. Rxc1 Bxf3 24. Nxf3 Ne7 25. Qe5 Nc6 26. Qxd6 Rxd6 27. Kg2
f6 28. Rc4 Kf7 29. a4 Ke7 30. b4 Kd7 31. Kf1 Rd5 32. Ke2 b5 33. axb5 Rxb5 34.
Kd2 Nxb4 35. Ne1 Nc6 36. Nd3 Kd6 37. Kc3 a5 38. Nc5 e5 39. Ne4+ Kd5 40. dxe5
fxe5 41. g4 Nd4 42. Nd2 Rc5 43. Rxc5+ Kxc5 44. Nc4 Nc6 45. Ne3 g6 46. h5 gxh5
47. gxh5 Ne7 48. Ng4 Nf5 49. Nxe5 Kd5 50. Ng4 Ke4 51. Kb3 Kf3 52. Nxh6 1/2-1/2

[Event "29. Torneo Collado Villalba 2012 - B"]
[Site "Collado Villalba ESP"]
[Date "2012.08.25"]
[Round "2.7"]
[White "Gonzalez Del Valls, Javier"]
[Black "Ruiz De Alegria Madariaga, Carlos"]
[Result "0-1"]
[WhiteElo "1754"]
[BlackElo "1879"]
[PlyCount "118"]
[EventDate "2012.08.24"]
[EventType "swiss"]
[EventRounds "9"]
[EventCountry "ESP"]
[Source "lmi"]
[SourceDate "2012.08.24"]

1. e4 d5 2. exd5 Qxd5 3. Nc3 Qd6 4. Bc4 Nf6 5. d3 g6 6. Nb5 Qd8 7. Bf4 Na6 8.
Nf3 Bg7 9. Qe2 O-O 10. O-O c6 11. Nbd4 Nb4 12. Rfe1 Nbd5 13. Be5 Bg4 14. h3
Bxf3 15. Nxf3 e6 16. c3 Qb6 17. Bd4 c5 18. Be5 Rfe8 19. d4 a6 20. dxc5 Qxc5 21.
Rad1 b5 22. Bxd5 exd5 23. Qd3 Rad8 24. Bd4 Rxe1+ 25. Rxe1 Qc7 26. Nd2 Qd7 27.
Qf3 Re8 28. Rxe8+ Nxe8 29. Bxg7 Nxg7 30. Nb3 Ne6 31. Qe3 Qd6 32. Nd4 Nc5 33.
Nf3 Ne4 34. Kf1 Qc7 35. Qd4 Qf4 36. Ke2 Qc1 37. Nd2 Qxb2 38. f3 Qxd2+ 39. Qxd2
Nxd2 40. Kxd2 Kf8 41. Ke3 Ke7 42. Kd4 Kd6 43. f4 f5 44. a3 h6 45. h4 h5 46. Ke3
Kc5 47. Kd3 a5 48. g3 a4 49. Kd2 d4 50. Kd3 dxc3 51. Kxc3 b4+ 52. axb4+ Kb5 53.
Kc2 Kxb4 54. Kb2 a3+ 55. Ka2 Ka4 56. Ka1 Kb3 57. Kb1 a2+ 58. Ka1 Ka3 59. g4
hxg4 0-1

[Event "29. Torneo Collado Villalba 2012 - B"]
[Site "Collado Villalba ESP"]
[Date "2012.08.25"]
[Round "2.9"]
[White "Neila Ausin, Eva"]
[Black "Movilla Calleja, David"]
[Result "1-0"]
[WhiteElo "1738"]
[BlackElo "1864"]
[PlyCount "65"]
[EventDate "2012.08.24"]
[EventType "swiss"]
[EventRounds "9"]
[EventCountry "ESP"]
[Source "lmi"]
[SourceDate "2012.08.24"]

1. d4 d5 2. Nf3 Nf6 3. c4 e6 4. Nc3 c6 5. a4 Be7 6. Qc2 Nbd7 7. Bf4 O-O 8. e3
Nh5 9. Bg3 Nxg3 10. hxg3 g6 11. Be2 f5 12. O-O Nf6 13. Na2 Ne4 14. Nc1 Kg7 15.
Nd3 h5 16. Nde5 Rh8 17. cxd5 exd5 18. Ne1 h4 19. g4 h3 20. N1d3 Bg5 21. Bf3
fxg4 22. Bxg4 Bxe3 23. gxh3 Bxd4 24. Kg2 Qg5 25. f4 Qh4 26. Rf3 Bf5 27. Qb3 b6
28. Rd1 c5 29. Qxd5 Bxg4 30. Nxg4 Rae8 31. Nde5 Bxe5 32. fxe5 Ng5 33. Qd7+ 1-0

[Event "29. Torneo Collado Villalba 2012 - B"]
[Site "Collado Villalba ESP"]
[Date "2012.08.25"]
[Round "2.10"]
[White "Suarez Paz, Alfonso"]
[Black "Carrasco Espasandin, Pablo"]
[Result "0-1"]
[WhiteElo "1857"]
[BlackElo "1743"]
[PlyCount "82"]
[EventDate "2012.08.24"]
[EventType "swiss"]
[EventRounds "9"]
[EventCountry "ESP"]
[Source "lmi"]
[SourceDate "2012.08.24"]

1. e4 e6 2. d4 d5 3. Nc3 dxe4 4. Nxe4 Nd7 5. Nf3 Ngf6 6. Nxf6+ Nxf6 7. c3 Be7
8. Bd3 b6 9. Bb5+ Bd7 10. Bxd7+ Qxd7 11. Ne5 Qd5 12. O-O O-O 13. Bg5 c5 14. Nf3
cxd4 15. Qxd4 Qxd4 16. Nxd4 Nd5 17. Bxe7 Nxe7 18. Rfe1 Rfd8 19. Rad1 h6 20. g3
Rac8 21. f4 Rd5 22. Kf2 Rcd8 23. Ke2 e5 24. fxe5 Rxe5+ 25. Kf2 Rxe1 26. Rxe1
Kf8 27. Rxe7 Kxe7 28. Nc6+ Kd7 29. Nxd8 Kxd8 30. Ke3 Ke7 31. Ke4 Ke6 32. a4 f5+
33. Kd4 Kd6 34. b4 g5 35. c4 a5 36. b5 h5 37. c5+ bxc5+ 38. Kc4 f4 39. gxf4
gxf4 40. h4 f3 41. Kd3 c4+ 0-1

[Event "29. Torneo Collado Villalba 2012 - B"]
[Site "Collado Villalba ESP"]
[Date "2012.08.25"]
[Round "2.11"]
[White "Rincon Martin, Santiago"]
[Black "Garcia Burguillo, Javier"]
[Result "0-1"]
[WhiteElo "1724"]
[BlackElo "1850"]
[PlyCount "52"]
[EventDate "2012.08.24"]
[EventType "swiss"]
[EventRounds "9"]
[EventCountry "ESP"]
[Source "lmi"]
[SourceDate "2012.08.24"]

1. d4 Nf6 2. Nf3 g6 3. c4 Bg7 4. Nc3 d6 5. e4 O-O 6. Be2 c6 7. O-O Nbd7 8. Bg5
e5 9. d5 c5 10. Ne1 h6 11. Be3 Ne8 12. Nc2 f5 13. f3 f4 14. Bf2 Bf6 15. b4 b6
16. bxc5 bxc5 17. Rb1 Bh4 18. Qe1 Bxf2+ 19. Rxf2 g5 20. Bf1 h5 21. Na1 g4 22.
Nb3 Rf7 23. Nb5 a6 24. Na3 Rg7 25. Na5 Qh4 26. Kh1 g3 0-1

[Event "29. Torneo Collado Villalba 2012 - B"]
[Site "Collado Villalba ESP"]
[Date "2012.08.25"]
[Round "2.13"]
[White "Rodriguez Gomez, Jose"]
[Black "Tevar Sanz, Gonzalo"]
[Result "0-1"]
[WhiteElo "1716"]
[BlackElo "1849"]
[PlyCount "88"]
[EventDate "2012.08.24"]
[EventType "swiss"]
[EventRounds "9"]
[EventCountry "ESP"]
[Source "lmi"]
[SourceDate "2012.08.24"]

1. e4 e6 2. d4 d5 3. exd5 exd5 4. Nf3 Bd6 5. Bd3 Ne7 6. Bg5 f6 7. Be3 Nbc6 8.
a3 Bg4 9. Nbd2 Qd7 10. Qe2 f5 11. Bg5 Nxd4 12. Qe3 Ne6 13. h3 f4 14. Bxf4 Bxf4
15. Qe2 Nd4 16. Qd1 Bxd2+ 17. Kxd2 Nxf3+ 18. gxf3 Bxh3 19. Qe2 O-O-O 20. Bb5 c6
21. Ba4 Rde8 22. Qd3 Bf5 23. Qd4 Kb8 24. Qxg7 Qc7 25. Rh4 Ng6 26. Qxc7+ Kxc7
27. Rd4 Re7 28. Rh1 Ne5 29. Rf4 Nc4+ 30. Kc3 Bg6 31. Bb3 Na5 32. Ba2 Re2 33.
Bb1 c5 34. b4 Nc4 35. Kb3 Nd2+ 36. Kb2 Nxb1 37. Kxb1 Rxc2 38. bxc5 Rxf2+ 39.
Kc1 a6 40. Rf6 Re8 41. Rd1 Ree2 42. f4 Rc2+ 43. Kb1 Rb2+ 44. Ka1 Ra2# 0-1

[Event "29. Torneo Collado Villalba 2012 - B"]
[Site "Collado Villalba ESP"]
[Date "2012.08.25"]
[Round "2.15"]
[White "Alvarez Escudero, Manuel"]
[Black "Garcia Varea, Benjamin"]
[Result "1-0"]
[WhiteElo "1826"]
[BlackElo "1811"]
[PlyCount "79"]
[EventDate "2012.08.24"]
[EventType "swiss"]
[EventRounds "9"]
[EventCountry "ESP"]
[Source "lmi"]
[SourceDate "2012.08.24"]

1. e4 Nf6 2. Nc3 e5 3. Bc4 Bb4 4. d3 h6 5. f4 d6 6. Nf3 Bg4 7. O-O Nc6 8. Ne2
Bc5+ 9. Kh1 Na5 10. fxe5 Nxc4 11. exf6 Ne3 12. Bxe3 Bxe3 13. fxg7 Rg8 14. Ng3
Rxg7 15. Qe1 Bf4 16. Nf5 Rh7 17. g3 Bg5 18. Qf2 Bh3 19. Rfe1 Qf6 20. Nxg5 hxg5
21. Qd4 Qg6 22. Re2 Kd7 23. Rae1 c6 24. Qf2 b6 25. Ne3 Rah8 26. Nf1 Bg4 27. Re3
Qh5 28. e5 d5 29. d4 Bh3 30. R1e2 Bg4 31. Rd2 Rh6 32. Ra3 Ra8 33. Ne3 Bf3+ 34.
Kg1 g4 35. c4 Qg6 36. cxd5 cxd5 37. Nf1 f5 38. exf6 Qxf6 39. Rc2 a5 40. Rac3
1-0

[Event "29. Torneo Collado Villalba 2012 - B"]
[Site "Collado Villalba ESP"]
[Date "2012.08.25"]
[Round "2.16"]
[White "Dominguez Coig, Alvaro"]
[Black "Martinez Montalvo, Eduardo"]
[Result "1/2-1/2"]
[WhiteElo "1689"]
[BlackElo "1825"]
[PlyCount "54"]
[EventDate "2012.08.24"]
[EventType "swiss"]
[EventRounds "9"]
[EventCountry "ESP"]
[Source "lmi"]
[SourceDate "2012.08.24"]

1. e4 d5 2. exd5 Nf6 3. d4 Nxd5 4. c4 Nb6 5. Nc3 e5 6. Be3 Bf5 7. dxe5 Nc6 8.
Nf3 Bb4 9. Be2 O-O 10. O-O Bxc3 11. bxc3 Re8 12. Bd4 Nd7 13. Re1 Ndxe5 14. Nxe5
Nxe5 15. Bf3 Nxf3+ 16. Qxf3 Rxe1+ 17. Rxe1 Qc8 18. Qg3 Bg6 19. Re7 c5 20. Rc7
Qe6 21. Be3 Rd8 22. h3 b6 23. Rxa7 Qxc4 24. Qc7 Rd1+ 25. Kh2 h6 26. Qxb6 Qxc3
27. Qxc5 Qxc5 1/2-1/2

[Event "29. Torneo Collado Villalba 2012 - B"]
[Site "Collado Villalba ESP"]
[Date "2012.08.25"]
[Round "2.17"]
[White "Galan Aguado, Fernando"]
[Black "Gallego Romero, Manuel"]
[Result "1-0"]
[WhiteElo "1820"]
[BlackElo "1679"]
[PlyCount "75"]
[EventDate "2012.08.24"]
[EventType "swiss"]
[EventRounds "9"]
[EventCountry "ESP"]
[Source "lmi"]
[SourceDate "2012.08.24"]

1. d4 d5 2. Nf3 c6 3. Nbd2 e6 4. e3 Nd7 5. Bd3 Bd6 6. b3 Ngf6 7. Bb2 O-O 8. Ne5
Bc7 9. O-O Nxe5 10. dxe5 Nd7 11. f4 Nc5 12. Bxh7+ Kxh7 13. Qh5+ Kg8 14. Rf3 f6
15. exf6 Rxf6 16. Bxf6 Qxf6 17. Rh3 Qxa1+ 18. Nf1 Kf8 19. Qg6 Qf6 20. Rh8+ Ke7
21. Qh7 Ne4 22. Rg8 Kd6 23. Rxg7 Ba5 24. Rf7 Qa1 25. Qg8 Kc5 26. a3 Nd2 27. h4
Nxf1 28. b4+ Bxb4 29. Qf8+ Kb5 30. Qxb4+ Ka6 31. Kf2 Qc1 32. h5 Nxe3 33. Qa4+
Kb6 34. Qd4+ Ka6 35. Qxe3 Qxe3+ 36. Kxe3 b5 37. Rf8 Kb7 38. h6 1-0

[Event "29. Torneo Collado Villalba 2012 - B"]
[Site "Collado Villalba ESP"]
[Date "2012.08.25"]
[Round "2.19"]
[White "Melcon Mediavilla, Rodrigo"]
[Black "Juberias Guillen, Paloma"]
[Result "0-1"]
[WhiteElo "1453"]
[BlackElo "1788"]
[PlyCount "84"]
[EventDate "2012.08.24"]
[EventType "swiss"]
[EventRounds "9"]
[EventCountry "ESP"]
[Source "lmi"]
[SourceDate "2012.08.24"]

1. e4 c6 2. d4 d5 3. e5 Bf5 4. Bd3 Bxd3 5. Qxd3 e6 6. c3 Ne7 7. Bg5 Qb6 8. b3
Nf5 9. Nf3 c5 10. O-O Nc6 11. Rd1 Rc8 12. Be3 cxd4 13. cxd4 Nb4 14. Qe2 Nxe3
15. Qxe3 Nc2 16. Qc1 Qc6 17. Rd3 Ba3 18. Nxa3 Nxa1 19. Qxa1 Qc1+ 20. Rd1 Qxa3
21. Qb1 O-O 22. Ng5 g6 23. h4 Rc7 24. h5 Rfc8 25. Kh2 Rc2 26. Rf1 Qxa2 27. Qe1
Qxb3 28. h6 Qd3 29. Qb1 Qxd4 30. Qxb7 Qxe5+ 31. f4 Qc7 32. Qb4 Rc4 33. Qb2 d4
34. Qa1 a5 35. Qb2 a4 36. Rf3 Rc3 37. Qa1 Rxf3 38. Qxd4 Qc3 39. Qd7 Rxf4 40. g3
Qc2+ 41. Kh3 Qf5+ 42. Kh2 Rc2+ 0-1

[Event "29. Torneo Collado Villalba 2012 - B"]
[Site "Collado Villalba ESP"]
[Date "2012.08.25"]
[Round "2.20"]
[White "Rodriguez Del Pino, Daniel"]
[Black "Benito Alba, Eladio"]
[Result "1-0"]
[WhiteElo "1895"]
[BlackElo "1731"]
[PlyCount "41"]
[EventDate "2012.08.24"]
[EventType "swiss"]
[EventRounds "9"]
[EventCountry "ESP"]
[Source "lmi"]
[SourceDate "2012.08.24"]

1. e4 c6 2. Nc3 d5 3. Qf3 dxe4 4. Nxe4 e6 5. Bc4 Nf6 6. Ne2 Be7 7. d4 Nbd7 8.
Bf4 Nxe4 9. Qxe4 Nf6 10. Qf3 Qb6 11. O-O-O O-O 12. g4 Nd5 13. h4 Nxf4 14. Nxf4
Rd8 15. Qe4 Bf6 16. c3 g6 17. g5 Bg7 18. h5 e5 19. hxg6 exf4 20. gxf7+ Kf8 21.
Rde1 1-0

[Event "29. Torneo Collado Villalba 2012 - B"]
[Site "Collado Villalba ESP"]
[Date "2012.08.25"]
[Round "2.21"]
[White "Sadaba Rodriguez, Igor"]
[Black "Perez Alvarez, Javier"]
[Result "1/2-1/2"]
[WhiteElo "1702"]
[BlackElo "1834"]
[PlyCount "104"]
[EventDate "2012.08.24"]
[EventType "swiss"]
[EventRounds "9"]
[EventCountry "ESP"]
[Source "lmi"]
[SourceDate "2012.08.24"]

1. d4 d5 2. c4 e6 3. Nc3 Nf6 4. Nf3 Be7 5. cxd5 exd5 6. Bg5 c6 7. e3 Bf5 8. Bd3
Bxd3 9. Qxd3 Nbd7 10. O-O O-O 11. a3 a5 12. Rab1 Ne4 13. Bxe7 Qxe7 14. b4 b5
15. Rfc1 Nd6 16. Nd2 Nb6 17. Nb3 Nbc4 18. Nc5 Nxa3 19. Nxd5 cxd5 20. Qxa3 a4
21. Nd3 Rfc8 22. Rc5 Nc4 23. Qc3 Qd7 24. Nf4 Rxc5 25. dxc5 d4 26. Qxd4 Qxd4 27.
exd4 a3 28. Ne2 Kf8 29. Ra1 Nd2 30. Ra2 Nb3 31. d5 Ra4 32. c6 Ke7 33. f3 Kd6
34. Nc3 Nc1 35. Rxa3 Rxa3 36. Nxb5+ Kxd5 37. Nxa3 Kxc6 38. h4 Na2 39. b5+ Kc5
40. Kf2 Nc3 41. Ke3 Nxb5 42. Nxb5 Kxb5 43. Kd4 Kc6 44. Ke5 Kd7 45. g4 f6+ 46.
Kd5 Ke7 47. f4 Kd7 48. f5 g6 49. Kc5 gxf5 50. gxf5 Kc7 51. h5 h6 52. Kd5 Kd7
1/2-1/2

[Event "29. Torneo Collado Villalba 2012 - B"]
[Site "Collado Villalba ESP"]
[Date "2012.08.25"]
[Round "2.22"]
[White "Garcia Hernandez, Javier"]
[Black "Leniz Martinez, Francisco"]
[Result "0-1"]
[WhiteElo "1721"]
[BlackElo "1834"]
[PlyCount "56"]
[EventDate "2012.08.24"]
[EventType "swiss"]
[EventRounds "9"]
[EventCountry "ESP"]
[Source "lmi"]
[SourceDate "2012.08.24"]

1. d4 Nf6 2. c4 c5 3. d5 b5 4. cxb5 a6 5. bxa6 Bxa6 6. Nc3 g6 7. e4 Bxf1 8.
Kxf1 d6 9. Nf3 Nbd7 10. g3 Bg7 11. Kg2 O-O 12. h3 Qa5 13. Re1 Ra7 14. e5 dxe5
15. Nxe5 Nxe5 16. Rxe5 Qa6 17. Qe2 Qb7 18. Kg1 Rb8 19. Re3 Nxd5 20. Nxd5 Qxd5
21. Rxe7 Rxe7 22. Qxe7 Bf8 23. Qe2 Bg7 24. Qd2 Qxd2 25. Bxd2 Rxb2 26. Be3 c4
27. Rd1 Rb8 28. Bd4 Rd8 0-1

[Event "29. Torneo Collado Villalba 2012 - B"]
[Site "Collado Villalba ESP"]
[Date "2012.08.25"]
[Round "2.23"]
[White "Lianes Garcia, Marcos"]
[Black "Rodriguez Bachiller, Luis"]
[Result "1/2-1/2"]
[WhiteElo "1627"]
[BlackElo "1813"]
[PlyCount "94"]
[EventDate "2012.08.24"]
[EventType "swiss"]
[EventRounds "9"]
[EventCountry "ESP"]
[Source "lmi"]
[SourceDate "2012.08.24"]

1. e4 e6 2. d4 d5 3. exd5 exd5 4. Bd3 Bd6 5. Nf3 Nf6 6. h3 O-O 7. O-O h6 8. Nc3
c6 9. Re1 Re8 10. Bd2 Rxe1+ 11. Qxe1 Qe8 12. Qxe8+ Nxe8 13. Re1 Be6 14. Nh4 Nd7
15. Bf5 Nf8 16. Ne2 Be7 17. Bxe6 Nxe6 18. Nf5 Bf6 19. c3 Kh7 20. Neg3 Bg5 21.
Bxg5 hxg5 22. Ne2 g6 23. Ne3 Nd6 24. f3 Kg7 25. b3 Nf5 26. Nxf5+ gxf5 27. Ng3
Kg6 28. Re5 f4 29. Nh1 Re8 30. Nf2 f6 31. Re2 Ng7 32. Rxe8 Nxe8 33. Nd3 Nd6 34.
Nc5 Kf7 35. a4 b6 36. Nd3 a5 37. h4 b5 38. hxg5 bxa4 39. bxa4 Nc4 40. gxf6 Kxf6
41. Kh2 Kf5 42. Kh3 Nd2 43. Nb2 Nf1 44. Kh4 Ne3 45. Kh3 Nf1 46. Kh4 Ne3 47. Kh3
Nf1 1/2-1/2

[Event "29. Torneo Collado Villalba 2012 - B"]
[Site "Collado Villalba ESP"]
[Date "2012.08.25"]
[Round "2.24"]
[White "Garcia Diaz, Alejandro"]
[Black "Martinez Martinez, Manuel II"]
[Result "0-1"]
[WhiteElo "1767"]
[BlackElo "1700"]
[PlyCount "62"]
[EventDate "2012.08.24"]
[EventType "swiss"]
[EventRounds "9"]
[EventCountry "ESP"]
[Source "lmi"]
[SourceDate "2012.08.24"]

1. e4 e6 2. d4 d5 3. e5 c5 4. c3 Nc6 5. Nf3 cxd4 6. cxd4 Bb4+ 7. Nc3 Bd7 8. a3
Bxc3+ 9. bxc3 Nge7 10. Bd3 a6 11. O-O Rc8 12. Ng5 h6 13. Qh5 g6 14. Qh3 Nf5 15.
g4 Ng7 16. a4 Na5 17. Nxf7 Kxf7 18. Qf3+ Kg8 19. Bxg6 Qf8 20. Qg3 Nc4 21. f4
Be8 22. Bc2 h5 23. f5 exf5 24. Bxf5 Nxf5 25. Rxf5 Qe7 26. gxh5+ Kh7 27. Qd3
Rg8+ 28. Kh1 Kh8 29. Bg5 Rxg5 30. Rf6 Qh7 31. Qxh7+ Kxh7 0-1

[Event "29. Torneo Collado Villalba 2012 - B"]
[Site "Collado Villalba ESP"]
[Date "2012.08.25"]
[Round "2.26"]
[White "Fernandez Lago, David"]
[Black "Martin Garcia, Francisco Javier"]
[Result "1-0"]
[WhiteElo "1976"]
[BlackElo "1603"]
[PlyCount "85"]
[EventDate "2012.08.24"]
[EventType "swiss"]
[EventRounds "9"]
[EventCountry "ESP"]
[Source "lmi"]
[SourceDate "2012.08.24"]

1. e4 c5 2. Ne2 d6 3. g3 Nc6 4. Bg2 g6 5. O-O Bg7 6. c3 e5 7. Na3 Nge7 8. Nc2
O-O 9. h3 Rb8 10. d4 exd4 11. cxd4 cxd4 12. Ncxd4 Nxd4 13. Nxd4 Nc6 14. Be3 a6
15. Qd2 Bd7 16. Rfd1 Re8 17. Rab1 Ne5 18. b3 Qe7 19. Bg5 f6 20. Be3 Rbc8 21.
Qb4 Rc7 22. Ne2 Bf8 23. Nf4 Bc6 24. Nd5 Bxd5 25. Rxd5 Rec8 26. Rbd1 Rc6 27. f4
Nf7 28. Bd4 Rc2 29. Rd2 Rc1+ 30. Kh2 R1c2 31. Ba1 Rxd2 32. Qxd2 Qd8 33. e5 fxe5
34. fxe5 Qe7 35. exd6 Nxd6 36. Qd4 Qg7 37. Qxg7+ Bxg7 38. Bxg7 Nf5 39. Bf6 Rc2
40. Bg5 Rxa2 41. Rd2 Ra5 42. Bxb7 Nxg3 43. Bd5+ 1-0

[Event "29. Torneo Collado Villalba 2012 - B"]
[Site "Collado Villalba ESP"]
[Date "2012.08.25"]
[Round "2.27"]
[White "Orantes Sanz, Ricardo"]
[Black "Garcia Andrinal, Antonio"]
[Result "0-1"]
[WhiteElo "1604"]
[BlackElo "1774"]
[PlyCount "76"]
[EventDate "2012.08.24"]
[EventType "swiss"]
[EventRounds "9"]
[EventCountry "ESP"]
[Source "lmi"]
[SourceDate "2012.08.24"]

1. Nf3 f5 2. c4 Nf6 3. g3 d6 4. Bg2 e5 5. d3 c6 6. Nc3 Qc7 7. O-O Be7 8. a3 O-O
9. b4 b6 10. Qb3 Kh8 11. b5 e4 12. dxe4 fxe4 13. Ng5 Nbd7 14. Ncxe4 Ne5 15. f4
Ng6 16. bxc6 h6 17. f5 Ne5 18. Ne6 Bxe6 19. fxe6 Nxe4 20. Bxe4 Rxf1+ 21. Kxf1
Rf8+ 22. Kg2 Nxc6 23. Qb5 Ne5 24. Bd5 Rc8 25. Bd2 Qd8 26. Rc1 Rc5 27. Qb2 Bf6
28. Qc2 b5 29. Qe4 Qc7 30. Qf5 Nxc4 31. Bxh6 Rxd5 32. Qxd5 gxh6 33. Kf3 Qb6 34.
Qa8+ Kh7 35. Rxc4 bxc4 36. Qe4+ Kg7 37. Qg4+ Kh8 38. Qh5 Qb7+ 0-1

[Event "29. Torneo Collado Villalba 2012 - B"]
[Site "Collado Villalba ESP"]
[Date "2012.08.25"]
[Round "2.29"]
[White "Centeno Mateos, Domingo"]
[Black "Garcia Castineira, Ivan"]
[Result "0-1"]
[WhiteElo "1580"]
[BlackElo "1702"]
[PlyCount "68"]
[EventDate "2012.08.24"]
[EventType "swiss"]
[EventRounds "9"]
[EventCountry "ESP"]
[Source "lmi"]
[SourceDate "2012.08.24"]

1. e4 c5 2. Nf3 d6 3. d4 cxd4 4. Nxd4 g6 5. Be3 Bg7 6. c3 Nf6 7. Nd2 O-O 8. Be2
Bd7 9. O-O Nc6 10. Rc1 Rc8 11. N4f3 a6 12. Bd3 Ng4 13. Bf4 Nge5 14. Qe2 Nxd3
15. Qxd3 b5 16. a3 Qb6 17. Be3 Qb8 18. Rfe1 a5 19. b4 axb4 20. axb4 Rc7 21. Bf4
Rfc8 22. e5 Bf5 23. Qf1 dxe5 24. Bg3 Rd7 25. Ne4 Bxe4 26. Rxe4 Bh6 27. Rd1 Rxd1
28. Qxd1 Rd8 29. Qe1 f6 30. h4 Rd3 31. Qa1 Qb6 32. Re2 Kf7 33. Ne1 Rxg3 34.
Qa2+ Kg7 0-1

[Event "29. Torneo Collado Villalba 2012 - B"]
[Site "Collado Villalba ESP"]
[Date "2012.08.25"]
[Round "2.30"]
[White "Alvarez Romero, Carlos"]
[Black "Ojosnegros Martin, Angel"]
[Result "1-0"]
[WhiteElo "1701"]
[BlackElo "1503"]
[PlyCount "117"]
[EventDate "2012.08.24"]
[EventType "swiss"]
[EventRounds "9"]
[EventCountry "ESP"]
[Source "lmi"]
[SourceDate "2012.08.24"]

1. e4 e5 2. Nf3 Nc6 3. Bc4 Bc5 4. Nc3 Nf6 5. d3 h6 6. h3 d6 7. a3 a6 8. O-O Be6
9. Bxe6 fxe6 10. Ne2 O-O 11. Ng3 Qd7 12. c3 Rad8 13. Qe2 Ba7 14. a4 Qe8 15. b4
d5 16. Bb2 d4 17. Rfd1 dxc3 18. Bxc3 Nd4 19. Bxd4 Bxd4 20. Ra2 Qc6 21. Qc2 Qb6
22. Qc4 Kh8 23. a5 Qd6 24. Ne2 Nh5 25. b5 Nf4 26. Nfxd4 exd4 27. bxa6 Nxe2+ 28.
Rxe2 bxa6 29. Rc2 Rd7 30. Qc6 Rdf7 31. Qxd6 cxd6 32. f3 d5 33. Rc6 dxe4 34.
dxe4 e5 35. Re6 Rf6 36. Rxe5 Rd8 37. Rd5 Rxd5 38. exd5 Kg8 39. Rxd4 Rd6 40. Kf2
Kf7 41. Ke3 Kf6 42. Ke4 g6 43. Rc4 Ke7 44. Rc6 Rxc6 45. dxc6 Kd6 46. c7 Kxc7
47. Kd5 Kb7 48. f4 Kc7 49. g4 Kd7 50. f5 gxf5 51. gxf5 Ke7 52. Ke5 Kf7 53. f6
h5 54. h4 Kf8 55. Kf5 Kf7 56. Kg5 Kg8 57. Kxh5 Kh7 58. Kg5 Kg8 59. Kf5 1-0

[Event "29. Torneo Collado Villalba 2012 - B"]
[Site "Collado Villalba ESP"]
[Date "2012.08.25"]
[Round "2.31"]
[White "Tome Salvador, Jose Antonio"]
[Black "Martin Rodriguez, Jose L"]
[Result "1-0"]
[WhiteElo "1698"]
[BlackElo "1430"]
[PlyCount "103"]
[EventDate "2012.08.24"]
[EventType "swiss"]
[EventRounds "9"]
[EventCountry "ESP"]
[Source "lmi"]
[SourceDate "2012.08.24"]

1. d4 Nf6 2. c4 e6 3. Nf3 Bb4+ 4. Bd2 Qe7 5. a3 Bxd2+ 6. Nbxd2 d5 7. e3 b6 8.
cxd5 exd5 9. Bd3 O-O 10. O-O Re8 11. Qc2 Bb7 12. Rac1 c6 13. Ne5 Qd6 14. Rfe1
c5 15. Bb5 Re7 16. Bf1 c4 17. g3 Nbd7 18. Nxd7 Qxd7 19. Bg2 Rae8 20. b4 Ne4 21.
Nxe4 dxe4 22. Qxc4 Bd5 23. Qc3 h5 24. h4 Qg4 25. Qd2 f5 26. Qe2 Qg6 27. Rc3 Qe6
28. Qxh5 g6 29. Qe2 Rh7 30. f4 Qd7 31. Bf1 Ree7 32. Qb5 Qd6 33. Bc4 Rd7 34.
Bxd5+ Qxd5 35. Qxd5+ Rxd5 36. Rc8+ Kg7 37. Rc7+ Kh6 38. Rxh7+ Kxh7 39. Rc1 Rd7
40. b5 Kh6 41. Kg2 Kh5 42. Kh3 Kh6 43. g4 Kg7 44. Rc6 Kf7 45. gxf5 gxf5 46. h5
Kg7 47. Kh4 Kh7 48. Kg5 Kh8 49. Kxf5 Rd5+ 50. Kxe4 Rxh5 51. d5 Rh7 52. Rc8+ 1-0

[Event "29. Torneo Collado Villalba 2012 - B"]
[Site "Collado Villalba ESP"]
[Date "2012.08.25"]
[Round "2.32"]
[White "Salgado Duarte, Pablo"]
[Black "Montoya Gandia, Manuel"]
[Result "0-1"]
[WhiteElo "1564"]
[BlackElo "1690"]
[PlyCount "74"]
[EventDate "2012.08.24"]
[EventType "swiss"]
[EventRounds "9"]
[EventCountry "ESP"]
[Source "lmi"]
[SourceDate "2012.08.24"]

1. e4 c5 2. Nc3 Nc6 3. Nf3 Nf6 4. Bc4 e6 5. d3 Be7 6. h3 d5 7. exd5 exd5 8. Bb3
h6 9. O-O O-O 10. Bf4 a6 11. Re1 Be6 12. a3 Re8 13. Ne5 Nd4 14. Ba2 Bd6 15. Ne2
Nh5 16. Bh2 Nc6 17. Nxc6 Bxh2+ 18. Kxh2 bxc6 19. Kg1 Qf6 20. Nc3 Nf4 21. Qf3
Nxh3+ 22. Kf1 Qxf3 23. gxf3 Nf4 24. Kg1 Rab8 25. Na4 Rb5 26. c4 Rbb8 27. Nxc5
Rxb2 28. Nxe6 Rxe6 29. Rxe6 fxe6 30. Bb1 Nh3+ 31. Kh2 Nxf2 32. Kg3 Nd1 33. Bc2
Rxc2 34. Rxd1 Ra2 35. cxd5 cxd5 36. Rb1 Rxa3 37. Rb8+ Kf7 0-1

[Event "29. Torneo Collado Villalba 2012 - B"]
[Site "Collado Villalba ESP"]
[Date "2012.08.25"]
[Round "2.33"]
[White "Abad Martin-Camuñas, Luis"]
[Black "Marcelo De La Mata, Daniel"]
[Result "0-1"]
[WhiteElo "1387"]
[BlackElo "1687"]
[PlyCount "66"]
[EventDate "2012.08.24"]
[EventType "swiss"]
[EventRounds "9"]
[EventCountry "ESP"]
[Source "lmi"]
[SourceDate "2012.08.24"]

1. d4 c5 2. e3 e6 3. Nf3 Nc6 4. Nc3 Nf6 5. Be2 d5 6. Ne5 Bd6 7. Nxc6 bxc6 8.
Na4 Rb8 9. O-O Qa5 10. b3 cxd4 11. exd4 O-O 12. Bd2 Qc7 13. g3 e5 14. dxe5 Bxe5
15. c3 Bh3 16. Re1 Ne4 17. Rc1 Bxg3 18. fxg3 Nxg3 19. Bg4 Bxg4 20. Qxg4 Ne4 21.
Bh6 f5 22. Qg2 Rf6 23. Be3 Rg6 24. Qxg6 hxg6 25. Bd4 Kf7 26. Rc2 Rh8 27. Ree2
Rh4 28. Rg2 c5 29. Be3 f4 30. Bf2 Nxf2 31. Rcxf2 c4 32. Nb2 cxb3 33. axb3 Qxc3
0-1